Carta encíclica Ecclesia de eucharistia /

Na minha lista:
Detalhes bibliográficos
Autor Corporativo: Iglesia Católica. Papa (1978-2005 : Juan Pablo II)
Formato: Livro
Idioma:espanhol
Assuntos:
Tags: Adicionar Tag
Sem tags, seja o primeiro a adicionar uma tag!

MARC

LEADER 00000nam^a2200000^a^4500
001 000186947
005 20250521000000.0
009 20260310102243.97
037 |a Acervo ITESO - Biblioteca 
041 |a ESP 
082 |a 262. 91  |b IGL ECC JUP 2003 
110 |a Iglesia Católica.  |b Papa (1978-2005 : Juan Pablo II) 
240 1 1 |a [Encíclicas papales] 
240 1 1 |a [Ecclesia de eucharistia] 
245 1 0 |a Carta encíclica Ecclesia de eucharistia /  |c Juan Pablo II. 
264 |a México :  |b editorial no identificada,  |c ca. 2003 
300 |a 68 p. 
336 |a texto  |b txt  |2 rdacontenido 
337 |a sin mediación  |b n  |2 rdamedio 
338 |a volumen  |b nc  |2 rdasoporte 
649 |a XX 
650 |a Eucaristía -  |x Tema Principal 
650 |a Teología Doctrinal 
650 |a Encíclicas 
650 |a Iglesia Católica -  |x Documentos Doctrinales 
650 |a Iglesia Católica -  |x Historia -  |y Papa, 1978-2005 (Juan Pablo II) 
650 |a Iglesia Católica -  |x Historia -  |y Siglo XX 
650 |a Catolicismo 
650 |a Cristianismo 
650 |a Religión 
910 |a Fondo General 
920 |a Impresos - Libros 
930 |a Colección General 
905 |a 101 
901 |a 0500129006  |b IT1  |c ACC  |u 20250521 
902 |a https://opac.biblio.iteso.mx/vufind/Record/000186947